Capitals by Country Shapes #1 - Statistics

General Stats
  • This quiz has been taken 150 times
  • The average score is 13 of 16
Answer Stats
Picture Answer % Correct
Rome
99%
Mexico City
98%
Washington D.C.
97%
London
96%
Tokyo
96%
Moscow
94%
Cairo
92%
Ankara
88%
Jakarta
87%
Havana
83%
Hanoi
78%
Lima
70%
Warsaw
67%
Addis Ababa
63%
Antananarivo
57%
Kampala
31%
No matching quizzes found
Score Distribution
Percent of People with Each Score
Percentile by Number Answered
Your Score History
You have not taken this quiz